[Event "Championnat de France Feminin"]
[Site "?"]
[Date "2015.08.13"]
[Round "5.3"]
[White "Benmesbah, Natacha"]
[Black "Milliet, Sophie"]
[Result "1/2-1/2"]
[WhiteElo "2200"]
[BlackElo "2383"]
[PlyCount "142"]
[EventDate "2015.??.??"]

1. e4 c5 2. Nf3 d6 3. Bb5+ Nd7 4. O-O a6 5. Bxd7+ Bxd7 6. d4 cxd4 7. Qxd4 Rc8
8. a4 e5 9. Qd3 Qc7 10. Nc3 h6 11. Be3 Nf6 12. Rfc1 Be7 13. a5 Be6 14. Nd2 Qc6
15. f3 d5 16. exd5 Nxd5 17. Nxd5 Bxd5 18. c4 Be6 19. Qe4 O-O 20. Qxc6 Rxc6 21.
b4 Rd8 22. c5 Rd3 23. Kf2 Rc8 24. Ke2 Rcd8 25. Ne4 Rb3 26. Rab1 Bc4+ 27. Kf2
Rxb1 28. Rxb1 f5 29. Rc1 Bb5 30. Nd6 Bxd6 31. cxd6 Rxd6 32. g3 Bc6 33. Rc5 e4
34. fxe4 fxe4 35. Re5 Kf7 36. Rc5 Rf6+ 37. Ke2 Rd6 38. Rc3 Ke6 39. Bc5 Rd7 40.
Rc1 Bb5+ 41. Ke1 Kf5 42. Rd1 Bd3 43. h3 Ke6 44. Rd2 Rd5 45. Rf2 Rh5 46. Rh2 Rg5
47. g4 h5 48. Be3 Rd5 49. Rf2 hxg4 50. hxg4 Rd8 51. Rf5 Bb5 52. Rg5 Rd3 53. Bc5
Kf6 54. Rf5+ Kg6 55. Re5 Bc6 56. Re7 Kf6 57. g5+ Kg6 58. Ke2 Rd5 59. Be3 Bb5+
60. Ke1 Bc6 61. Rxe4 Rxg5 62. Bxg5 Bxe4 63. Be7 Kf5 64. Kf2 Kg4 65. Kg1 g5 66.
Bc5 Kf3 67. Bf8 g4 68. Be7 g3 69. Bd6 g2 70. Bc5 Bc6 71. Bf8 Be4 1/2-1/2

60. Ke1 Bc6 61. Rxe4 Rxg5 62. Bxg5 Bxe4 63. Be7 Kf5
64. Kf2 Kg4 65. Kg1 g5 66. Bc5 Kf3 67. Bf8 g4 68. Be7 g3 69. Bd6 g2 70. Bc5 Bc6
71. Bf8 Be4 1/2-1/2

[Event "Championnat de France Feminin"]
[Site "?"]
[Date "2015.08.13"]
[Round "5.6"]
[White "Maisuradze, Nino"]
[Black "Soubirou, Oriane"]
[Result "1-0"]
[WhiteElo "2292"]
[BlackElo "2092"]
[PlyCount "249"]
[EventDate "2015.??.??"]

1. d4 e6 2. c4 f5 3. Nc3 Nf6 4. e3 Bb4 5. Qc2 b6 6. Bd3 Bb7 7. f3 O-O 8. Nge2
c5 9. a3 Bxc3+ 10. bxc3 Nc6 11. O-O Qe7 12. Bd2 Na5 13. e4 fxe4 14. fxe4 e5 15.
Ng3 g6 16. Bg5 cxd4 17. cxd4 Qd6 18. dxe5 Qd4+ 19. Kh1 Ng4 20. Bf6 Ne3 21. Qe2
Nb3 22. Rae1 Nxf1 23. Rxf1 Nc5 24. Bc2 Rf7 25. h4 Raf8 26. Qf3 Ne6 27. h5 Qc5
28. Qg4 Rxf6 29. exf6 Qg5 30. Qxg5 Nxg5 31. e5 Kf7 32. hxg6+ hxg6 33. Rd1 Ke6
34. Bxg6 Kxe5 35. Rxd7 Bc6 36. Rc7 Rxf6 37. Bd3 Kd4 38. Be2 a5 39. Nf5+ Kc3 40.
Ne7 Be4 41. Nd5+ Bxd5 42. cxd5+ Kb3 43. Rc6 Rf2 44. Rxb6+ Kxa3 45. Bg4 Rf4 46.
Bc8 Rb4 47. Rg6 Rb8 48. Bf5 Nf7 49. Rf6 Ne5 50. d6 Kb4 51. d7 Rd8 52. Kg1 Kc5
53. Ra6 Kb5 54. Re6 Nc6 55. Re3 a4 56. g4 Kb4 57. Re4+ Kb5 58. Re3 Kb4 59. Re6
Kc5 60. Re8 a3 61. Be6 Kd6 62. Kf2 a2 63. Bxa2 Kxd7 64. Re4 Rf8+ 65. Kg3 Ne7
66. g5 Nf5+ 67. Kg4 Nd6 68. Be6+ Kc7 69. Re2 Ne8 70. g6 Kd6 71. Bf7 Ng7 72. Kg5
Rb8 73. Kh6 Nf5+ 74. Kh7 Rb1 75. Re6+ Kd7 76. Re5 Rh1+ 77. Kg8 Ne7+ 78. Kf8
Nxg6+ 79. Bxg6 Kd6 80. Ra5 Re1 81. Bf7 Re5 82. Ra6+ Kc5 83. Be6 Kb5 84. Rd6 Kc5
85. Ke7 Rg5 86. Rd1 Rg7+ 87. Kf6 Rg3 88. Rd5+ Kc6 89. Re5 Rg1 90. Re2 Rg3 91.
Ke5 Kc5 92. Rc2+ Kb4 93. Kd4 Rg5 94. Rb2+ Ka5 95. Bd5 Ka4 96. Kc5 Rg3 97. Re2
Rc3+ 98. Bc4 Rg3 99. Ra2+ Ra3 100. Rb2 Rg3 101. Ra2+ Ra3 102. Rg2 Rh3 103. Rb2
Rg3 104. Bd5 Rc3+ 105. Kd4 Rg3 106. Be6 Rf3 107. Bc4 Rg3 108. Rb7 Ka3 109. Rb6
Rh3 110. Bd3 Ka4 111. Kc3 Rh5 112. Rc6 Rg5 113. Ra6+ Ra5 114. Rg6 Rh5 115. Rg1
Ka5 116. Rb1 Rg5 117. Be2 Rf5 118. Rb8 Re5 119. Bd3 Rg5 120. Bc4 Rh5 121. Kd4
Rg5 122. Bd5 Rg7 123. Kc5 Ka6 124. Rb2 Rc7+ 125. Bc6 1-0

[Event "Championnat de France Feminin"]
[Site "?"]
[Date "2015.08.17"]
[Round "8.1"]
[White "Leconte, Maria"]
[Black "Benmesbah, Natacha"]
[Result "0-1"]
[WhiteElo "2251"]
[BlackElo "2200"]
[PlyCount "114"]
[EventDate "2015.??.??"]

1. e4 c5 2. Nc3 Nc6 3. Bb5 Nd4 4. Nf3 a6 5. Bd3 g6 6. O-O Bg7 7. Nxd4 cxd4 8.
Ne2 d5 9. exd5 Qxd5 10. c3 dxc3 11. dxc3 Nf6 12. c4 Qc6 13. Qc2 O-O 14. Bf4 Rd8
15. Rad1 Be6 16. Be5 Qc5 17. Qc3 Rxd3 18. Rxd3 Ne4 19. Qd4 Qxe5 20. Qxe5 Bxe5
21. Re3 f5 22. f3 Bd6 23. fxe4 Bc5 24. Rff3 fxe4 25. Rg3 Bxc4 26. Kf2 Rd8 27.
Ke1 Bxe3 28. Rxe3 Bxa2 29. Rxe4 Bd5 30. Rg4 e5 31. h4 Kf7 32. h5 Rg8 33. hxg6+
Rxg6 34. Rh4 Rxg2 35. Rxh7+ Kg6 36. Rc7 Bf3 37. Nc1 Rxb2 38. Nd3 Rb5 39. Rc8
Kf5 40. Kf2 Bc6 41. Ke3 e4 42. Rf8+ Ke6 43. Nf4+ Ke5 44. Ng6+ Kd6 45. Nf4 Rb3+
46. Kd4 Rb4+ 47. Kc3 Ra4 48. Kb3 Ra1 49. Kc4 Rc1+ 50. Kd4 Rd1+ 51. Ke3 Kc5 52.
Ke2 Rd6 53. Ke3 b5 54. Rf5+ Kc4 55. Ng2 Bd7 56. Rf1 Rd3+ 57. Kxe4 Bc6+ 0-1

[Event "Championnat de France Feminin"]
[Site "?"]
[Date "2015.08.19"]
[Round "10.4"]
[White "Navrotescu, Andreea"]
[Black "Collas, Silvia"]
[Result "1/2-1/2"]
[WhiteElo "2275"]
[BlackElo "2325"]
[PlyCount "68"]
[EventDate "2015.??.??"]

1. d4 Nf6 2. c4 e6 3. Nc3 Bb4 4. e3 b6 5. Nge2 Ba6 6. Ng3 h5 7. Bd3 Bb7 8. f3
Bxc3+ 9. bxc3 d6 10. e4 h4 11. Nf1 e5 12. Bg5 Nbd7 13. Nd2 Nf8 14. O-O Ne6 15.
Be3 Nh5 16. Bc2 Nef4 17. Bxf4 Nxf4 18. Rf2 Qg5 19. Kh1 O-O-O 20. a4 a5 21. c5
dxc5 22. dxc5 Rh6 23. Qf1 Kb8 24. Nb3 Ka7 25. Rd1 Ba6 26. Qe1 Rxd1 27. Qxd1 Rg6
28. cxb6+ cxb6 29. Qd7+ Bb7 30. Qd2 Bc6 31. c4 Nh3 32. Rf1 Nf4 33. Rf2 Nh3 34.
Rf1 Nf4 1/2-1/2

[Event "Championnat de France Feminin"]
[Site "?"]
[Date "2015.08.19"]
[Round "10.6"]
[White "Flear, Christine"]
[Black "Soubirou, Oriane"]
[Result "0-1"]
[WhiteElo "2172"]
[BlackElo "2092"]
[PlyCount "86"]
[EventDate "2015.??.??"]

1. d4 e6 2. c4 f5 3. Nc3 Nf6 4. Qc2 Bb4 5. e3 b6 6. Bd3 Bb7 7. f3 O-O 8. Nge2
Nc6 9. a3 Bd6 10. Bd2 a5 11. O-O g6 12. Nb5 Be7 13. Nbc3 e5 14. Nd5 Kg7 15.
dxe5 Nxe5 16. Bc3 Nxd5 17. cxd5 Bf6 18. Rfd1 Qe7 19. Nf4 Nxf3+ 20. Kf2 Ne5 21.
h3 Rae8 22. Re1 c6 23. dxc6 Bxc6 24. Bd4 Qd6 25. Qc3 Nxd3+ 26. Qxd3 Bxd4 27.
Qxd4+ Qxd4 28. exd4 g5 29. Ne2 Re4 30. Red1 Rfe8 31. Nc3 Rf4+ 32. Kg1 Re3 33.
d5 Bb7 34. Rd2 Rc4 35. Nb5 Re5 36. Nd6 Rc7 37. g4 f4 38. Nf5+ Kf6 39. Rad1 Rc5
40. d6 Rcd5 41. Rxd5 Rxd5 42. Re1 Rd2 43. Re7 f3 0-1